书目信息 |
| 题名: |
当代新型师生关系的解读与构建
|
|
| 作者: | 余娟 著 | |
| 分册: | ||
| 出版信息: | 长春 东北师范大学出版社 2017.12 |
|
| 页数: | 216页 | |
| 开本: | 24cm | |
| 丛书名: | ||
| 单 册: | ||
| 中图分类: | G456 | |
| 科图分类: | ||
| 主题词: | 师生关系--研究 | |
| 电子资源: | ||
| ISBN: | 978-7-5681-2750-9 | |
| 000 | 00828nam0 2200217 450 | |
| 001 | 4370 | |
| 005 | 20180613143435.05 | |
| 010 | @a978-7-5681-2750-9@dCNY50.00 | |
| 100 | @a20180612d2017 em y0chiy50 ea | |
| 101 | 0 | @achi |
| 102 | @aCN@b220000 | |
| 105 | @ay z 000yy | |
| 200 | 1 | @a当代新型师生关系的解读与构建@9dang dai xin xing shi sheng guan xi de jie du yu gou jian@f余娟著 |
| 210 | @a长春@c东北师范大学出版社@d2017.12 | |
| 215 | @a216页@d24cm | |
| 330 | @a本书基于师生关系的基础理论,通过理论与实践相结合的视角,在立足时代背景的基础上,对师生关系的不同视域、目前现状、主要问题与构建策略等方面进行深入分析,以期为当代新型师生关系的解读与构建提供有益参考。 | |
| 606 | 0 | @a师生关系@x研究 |
| 690 | @aG456@v5 | |
| 701 | 0 | @a余娟@9yu juan@c(女,@f1978-)@4著 |
| 801 | 0 | @aCN@b91MARC@c20180612 |
| 905 | @aMuseLib@dG456@e269 | |
| 当代新型师生关系的解读与构建/余娟著.-长春:东北师范大学出版社,2017.12 |
| 216页;24cm |
| ISBN 978-7-5681-2750-9:CNY50.00 |
| 本书基于师生关系的基础理论,通过理论与实践相结合的视角,在立足时代背景的基础上,对师生关系的不同视域、目前现状、主要问题与构建策略等方面进行深入分析,以期为当代新型师生关系的解读与构建提供有益参考。 |
| ● |
| 相关链接 |
|
|
|
|
正题名:当代新型师生关系的解读与构建
索取号:G456/269
 
预约/预借
| 序号 | 登录号 | 条形码 | 馆藏地/架位号 | 状态 | 备注 |
| 1 | 1117208 | 211172087 | 第一样本阅览室/ [索取号:G456/269] | 在馆 | |
| 2 | 1117209 | 211172096 | 教育系资料室/ [索取号:G456/269] | 在馆 | |
| 3 | 1117210 | 211172103 | 教育系资料室/ [索取号:G456/269] | 在馆 | |
| 4 | 1117211 | 211172112 | 教育系资料室/ [索取号:G456/269] | 在馆 | |
| 5 | 1117212 | 211172121 | 第四借阅区/ [索取号:G456/269] | 在馆 |